ALPARSLAN ŞAFAK MALAZGİRT TE SÖKMÜŞTÜ (Record no. 718993)

MARC details
000 -LEADER
sabit uzunluktaki kontrol alanı 00267nam a2200097Ia 4500
001 - KONTROL NUMARASI
kontrol alanı 718993
005 - EN SON İŞLEMİN TARİH VE ZAMANI
kontrol alanı 20250826163034.0
008 - SABİT-UZUNLUKTA VERİ ÖĞELERİ--GENEL BİLGİ
sabit uzunluktaki kontrol alanı 250824s9999 xx 000 0 und d
245 #0 - ESER / YAZAR
ESER ADI ALPARSLAN ŞAFAK MALAZGİRT TE SÖKMÜŞTÜ
Yazar Adı MUSTAFA AKGÜN
260 ## - YAYIN, DAĞITIM, VB.
YAYIN EVİ PANAMA YAYINLARI
Holdings
Düşüm durumu Kayıp durumu Hasar Durumu Ödünç verilmez Ana kütüphane Geçerli Kütüphane Edinilen tarih Toplam ödünç verme sayısı Barkod Son görüntüleme tarihi Fiyatın geçerli olmaya başladığı tarih Koha materyal türü
        KONEVİ ANADOLU LİSESİ KONEVİ ANADOLU LİSESİ 24.08.2025   10321386 26.08.2025 26.08.2025 Books